| 000 | 00806nam a2200229Ii 4500 | ||
|---|---|---|---|
| 003 | JO-AjNU | ||
| 008 | 230605s9999||||xx |||||||||||||| ||und|| | ||
| 017 | _a22/1237 | ||
| 020 | _a9960-868-57-5 | ||
| 040 |
_aJO-AjNU _bara _erda _cJO-AjNU |
||
| 041 | _aara | ||
| 050 | 1 | 4 | _aBP173.753.2001 |
| 100 | 3 |
_aالرماني، زيد بن محمد, _eauthor _964201 |
|
| 245 | 0 | 0 | _aالأربعون الاقتصادية: صور من السبق الاقتصادي في الإسلام |
| 250 | _aط1 | ||
| 264 | 3 | 1 | _aالرياض: دار طويق للنشر والتوزيع، 2001 |
| 300 | _a103ص | ||
| 336 |
_atext _btxt _2rdacontent |
||
| 337 |
_aunmediated _bn _2rdamedia |
||
| 338 |
_avolume _bnc _2rdacarrier |
||
| 650 | 4 |
_aالاقتصاد الاسلامي-الأربعون الاقتصادية _964202 |
|
| 999 |
_aA29164 _c32732 _d32732 |
||